| 000 | 01080nam0a22002411i 4500 | ||
|---|---|---|---|
| 001 | rc\2353511 | ||
| 005 | 20240726105945.0 | ||
| 035 | _a(NLR Aleph) 006477003 | ||
| 090 |
_a5994177 _c5994177 |
||
| 100 | _a20110829g19771978|||y0rusy50 ca | ||
| 101 | 0 | _arus | |
| 102 | _aRU | ||
| 105 | _ay j ||||| | ||
| 200 | 1 |
_aКоллекция овощных и бахчевых культур, как исходный материал для селекции _e[Сб. статей] _fОтв. ред. д. с.-х. н. А.А. Казакова _gВАСХНИЛ. ВНИИ растениеводства им. Н.Н. Вавилова |
|
| 210 |
_aЛенинград _cБ. и. _d1977, [вып. дан. 1978] |
||
| 215 |
_a159 с. _d26 |
||
| 225 | 1 |
_aТруды по прикладной ботанике, генетике и селекции _vТ. 61. Вып. 1 |
|
| 320 | _aБиблиогр. в конце статей | ||
| 702 | 1 |
_aКазакова _bА.А. _gАнтонина Алексеевна _4340 |
|
| 801 | 0 |
_aRU _bNLR _gpsbo |
|
| 801 | 1 |
_aRU _bELAR _2rusmarc |
|
| 852 |
_aNLR _jП7/397 |
||
| 942 | _cBOOK | ||